| 000 | 00862nam a2200241 a 4500 | ||
|---|---|---|---|
| 003 | DO-SdBNP | ||
| 005 | 20240305133317.0 | ||
| 007 | ta | ||
| 008 | 220513e2018 dr ao||gr|||| 001 edspa d | ||
| 040 |
_aDO-SdBNP _bspa _cBNPHU |
||
| 082 | 4 |
_222 _bC354u |
|
| 100 | 1 |
_aCastor Paniagua, Luesmil, _d1961- _978157 |
|
| 245 | 1 | 0 |
_aUna mirada distinta al gran Ezra Pound: _bel otro lado de la vida / _cLuesmil Castro Paniagua; Prólogo, Alejandro Santana. |
| 260 |
_aSanto Domingo : _bLc, _c2018 |
||
| 300 |
_a112 p. ; _bil., fotogr. ; _c21 cm. |
||
| 500 | _aIncluye datos biográficos del autor en las solapas de las cubiertas. | ||
| 504 | _aBibliografía: p. 109- 111 | ||
| 586 | _aPremio Nacional de Poesía Pedro Henríquez Ureña, 1997 | ||
| 590 | _aInventariado 2022 / MF | ||
| 700 | 1 |
_926590 _aSantana, Alejandro _epról. |
|
| 910 | _aMFeliz | ||
| 942 |
_2ddc _cLBS1 |
||
| 999 |
_c51723 _d51723 |
||